000
00379nam a2200133Ia 4500
008
100328s9999 xx 000 0 und d
082
_b
30143
100
_a
गोरे ना. ग.
245
_a
आपली संसद
260
_b
मॅक्मीलन आणि कं
630
_a
आपली संसद
730
_a
आपली संसद
942
_c
BOOK
999
_c
521127
_d
521124